Animal Crossing - les Villageois Rhinocéros [avec image] - Statistiques

Statistiques générales
  • Ce quiz a été pris 13 fois
  • Le résultat moyen est 5 sur 8
Statistiques - réponses
Par images Réponse % Correct
Patty
90%
Azalée
70%
Rhino
70%
Rina
70%
Cornio
60%
Ben
40%
Rennée
40%
Tiara
20%
Aucun quiz correspondant
Distribution des résultats
% des personnes avec chaque résultat
Percentile par nombre de réponses
Votre historique - résultats
Vous n’avez pas pris ce quiz